000 01659cam a2200289 a 4500
003 Co-PeBPM
005 20240418145248.0
007 ta
008 231129s9999||||xx |||||||||||||| ||spa||
020 _a9789588883946
040 0 4 _aCo-PeBPM
_bspa
_cCo-PeBPM
_erda
082 0 4 _aCo863 V335f
_222
100 1 _aVásquez, Juan Gabriel
_eautor
245 1 0 _aLa forma de las ruinas
_c/ Juan Gabriel Vásquez
250 _aSegunda reimpresión
260 _aBogotá
_b: Alfaguara ; Penguin Random House
_cc2016
300 _a547 páginas
_c24 centímetros
490 _aAlfaguara
500 _aIncluye índice
500 _aContiene datos biográficos del autor en la solapa del texto
520 _aEn el año 2014, Carlos Carballo es arrestado por intentar robar el traje de paño de Jorge Eliécer Gaitán, líder político asesinado en Bogotá en 1948. Carballo es un hombre atormentado que busca señales para desentrañar los misterios de un pasado que lo obsesiona. Pero nadie, ni siquiera sus amigos más cercanos, sospecha las razones profundas de su obsesión. ¿Qué conecta los asesinatos de Jorge Eliécer Gaitán, cuya muerte partió en dos la historia de Colombia, y de John F. Kennedy? ¿De qué forma puede un crimen ocurrido en 1914, el del senador liberal colombiano Rafael Uribe Uribe, marcar la vida de un hombre en el siglo XXI? Para Carballo todo está conectado, y las coincidencias no existen.
546 _aspa
650 1 4 _aNovela colombiana
_2Lemb
650 1 4 _aLiteratura colombiana
_2Lemb
942 _2ddc
_cBK
999 _c17158
_d17158